000 00975nam a2200313 i 4500
003 EG-GICUC
005 20260423092943.0
008 260423s1888 en aaaofr|||| 00| 0 eng d
040 _aEG-GiCUC
_beng
_cEG-GiCUC
_dEG-GiCUC
_erda
041 _aeng
082 0 4 _221
_a343.82
_bJA . P
092 0 4 _221
099 _aLaw1 10 343.82 JA . P 1888
100 1 _aJames, William
_eAuthor.
245 1 4 _a The Principles Of Psychology /
_cBy William James.
_nVol. 1
264 _aLondon :
_b Macmillan And Co., Ltd.
_c1888
300 _a689 pages ;
_c24 cm
336 _2rda content
_atext
337 _2rda media
_aComputer
338 _2rda carrier
_aOnline Resource
504 _a Includes bibliographical references.
546 _a Text in English and abstract in English
650 1 _aCriminal law
_2qrmak
650 1 _aPsychology
651 1 _2qrmak
856 4 0 _uhttps://fll.law.cu.edu.eg/fulltext/bks/B10-10804.pdf
905 _a167
942 _2ddc
_cBK
_e21
_n0
999 _c72956
_d72956